| 000 | 00441nam a22001817a 4500 | ||
|---|---|---|---|
| 999 |
_c10843 _d10843 |
||
| 003 | OSt | ||
| 008 | 210814b ||||| |||| 00| 0 eng d | ||
| 020 | _a9739642426988 | ||
| 082 | _a004.67 UCA | ||
| 100 | _aUCKELMANN,Dieter | ||
| 245 | _aArchitecting the Internet of Things | ||
| 260 |
_aNew Delhi _bSpringer _c2011 |
||
| 300 | _a351 | ||
| 650 | _aIOT | ||
| 700 | _aHARRISON,Mark | ||
| 700 | _aMICHAHELLES,Florian | ||
| 942 |
_2ddc _cBK _01 |
||